000 00295nam a2200097Ia 4500
008 220204s9999 xx 000 0 und d
082 _a5(038)
_bVIJ.1
245 0 _aVijnana Sabdavali. V 1. Science glossary-1. (English Malayalam)
260 _aTrivandrum
_bState Inst of Languages
_c1969
942 _cBK
999 _c21458
_d21458